000 00402nam a2200133Ia 4500
005 20260328104323.0
008 260328s9999||||xx |||||||||||||| ||und||
100 _aMimarinin, Geleneksel
245 0 _aNail Cakirhan :
_b the poetry of traditional Architecture, half a Century in the art of Building /
_cGeleneksel Mimarinin
260 _bEge
300 _a295 p.
650 _aARQUITECTOS
942 _cBK
999 _c11429
_d11429